| 000 | 01753nam a22001577a 4500 | ||
|---|---|---|---|
| 041 | _aukr | ||
| 080 | _a09 | ||
| 090 | _bГОР | ||
| 100 | _aГорчак О.В. | ||
| 245 | _aЛексико-семантичний аналіз політичного дискурсу у вербальній стратегії політичної діяльності | ||
| 260 |
_aОстрог _bКАФ _c2007 |
||
| 300 | _a52 | ||
| 520 |
_aВступ
Розділ 1. Фундаментальні концепції та та термінологія політичної конюнктури.
1.1 Конотативне та денотативне значення слів "політика", "політик", "політичний".
1.2 Політичні терміни
1.3 Політичні ярлики (на прикладі США та Канади)
Розділ 2. Семантико-стилістичні засоби політичної ідеології та культури.
2.1 Метіфора та метонімія
2.2 Аналогія
2.3 Сатира та іронія (на прикладі твору Дж. Свіфта "Подорожі Гулівера")
Розділ 3. Проблема маніпулювання та засоби переконання у політиці
3.1 Поняття "маніпуляції" та "маніпулювання особистістю"
3.2 Прийоми інформаційного-психологічного впливу
3.3 Мовні засоби переконання
Висновки
Список використаної літератури
Додатки _0політичний дискурс, дискурс, лексикологія |
||
| 650 | _aResearch Papers | ||
| 999 |
_c283938 _d283938 |
||
| 942 | _cBK | ||